| 000 | 00776nam a2200241 i 4500 | ||
|---|---|---|---|
| 001 | 182194 | ||
| 003 | ES-MaACL | ||
| 005 | 20231022193502.0 | ||
| 008 | 130625s2012 sp | |||||||| | spa d | ||
| 020 | _a978-84-15398-43-1 | ||
| 080 | _a821.134.2-14"19" | ||
| 100 | 1 |
_aAbajo, Lourdes de, _d1974- _9153002 |
|
| 245 | 1 | 0 |
_aPaisaje adentro / _cLourdes de Abajo ; prólogo, Luz Pozo Garza. |
| 250 | _a1ª ed. | ||
| 260 |
_a[Colmenar Viejo, Madrid] : _bAmargord, _c2012. |
||
| 300 |
_a139 p. ; _c21 cm. |
||
| 490 | 1 |
_aColección Fragmentaria ; _v22 |
|
| 700 | 0 |
_aPozo Garza, Luz. _993546 |
|
| 830 | 0 |
_aColección Fragmentaria ; _v22 _9224807 |
|
| 852 |
_aES-MaACL _jA-12760 _9189105 _bR.148997 _cDEPO1 _dOlim: N-5760 |
||
| 942 |
_2udc _cMONOGRAFIA |
||
| 999 |
_c182194 _d182194 |
||